00719nam a22001697a 4500020001600000082000800016100001900024245013900043260003500182300002900217650005500246700004200301856005700343942001200400999001900412952011800431 qHard Cover. a200 aSaleem, Faizan aTo determine the Overall Equipment Effectiveness of Tyre curing press and to investigate the causes of its reduction /cFaizan Saleem. aKarachi :bPNEC - NUST,c2015. ax, 56 p. : ill. ;c30cm. aMS-Industrial & Manufacturing Engineering 9127273 aSupervisor: Dr. Salman Nisar.9127283 uhttp://10.250.8.41:8080/xmlui/handle/123456789/22378 2ddccSC c535464d535464 00102ddc406200_000000000000000709498510aCLbCLcTHEd2020-09-11o200pCL-T-6204r2020-09-11w2020-09-11ySC